| 000 | 00633nam a22002057a 4500 | ||
|---|---|---|---|
| 003 | NUST | ||
| 005 | 20230126143341.0 | ||
| 008 | 190704b ||||| |||| 00| 0 eng d | ||
| 038 | _aAttaullah | ||
| 082 | _a510 | ||
| 100 |
_aBatool, Abida _916643 |
||
| 245 |
_aOn metric Dimension of Certain Extensions of Regular Graphs _cAbida Batool. |
||
| 260 |
_aIslamabad : _bSNS - NUST, _c2015. |
||
| 300 |
_a56 p. : ill. ; _c30cm. |
||
| 500 | _aHardcover. | ||
| 650 |
_aMathematics - M.Phil Thesis. _916594 |
||
| 700 |
_aDr. Muhammad Imran. _916644 |
||
| 856 | _uhttp://10.250.8.41:8080/xmlui/handle/123456789/4069 | ||
| 942 |
_2ddc _cTHE |
||
| 999 |
_c525702 _d525702 |
||